000 00554nam a2200181 a 4500
005 20220602114018.0
008 030616s1969 mx r 000 0 spa d
035 _aUPN01000125645
049 _aSEP
050 4 _aAC70
_bC8.6 no.223
100 1 _aCoccioli, Carlos
245 1 0 _aYo, Cuauhtemoc /
_cCarlos Coccioli.
260 _aMéxico :
_bSEP, Subsecretaría de Asuntos Culturales,
_c1969.
300 _a92 p.
440 0 _aCuadernos de lectura popular ;
_v223.
_pEl hombre en la historia
600 0 2 _aCuauhtémoc,
_d1502?-1525
_911888
905 _aLibro
999 _c97824
_d97824